[Event "Sachsen-Anhalt Verbandsliga 2017/18"]
[Site "Sachsen Anhalt"]
[Date "2018.01.21"]
[Round "4.3"]
[White "Richter, Andreas1111"]
[Black "Boehm, Christian"]
[Result "1-0"]
[WhiteElo "1781"]
[BlackElo "2024"]
[PlyCount "89"]
[EventDate "2017.12.22"]
[EventType "team-tourn"]
[EventRounds "9"]
[EventCountry "GER"]
[SourceTitle "EXT 2020"]
[Source "ChessBase"]
[SourceDate "2019.10.17"]
[SourceVersion "1"]
[SourceVersionDate "2019.10.17"]
[SourceQuality "1"]
[WhiteTeam "Halle Einheit"]
[BlackTeam "Loeberitz II"]
[WhiteTeamCountry "GER"]
[BlackTeamCountry "GER"]

1. d4 Nf6 2. c4 e6 3. Nc3 Bb4 4. a3 Bxc3+ 5. bxc3 d6 6. Nf3 Nbd7 7. e3 b6 8. Be2 Bb7 9. 0-0 0-0 10. Nd2 e5 11. f3 e4 12. fxe4 Nxe4 13. Nxe4 Bxe4 14. Bd3 Re8 15. Ra2 Nf6 16. Raf2 Qd7 17. Rf4 Re7 18. Bxe4 Rxe4 19. Qf3 Rae8 20. Rxf6 gxf6 21. Qxf6 Qe6 22. Qxe6 fxe6 23. Rf3 c5 24. Bd2 Rg4 25. h3 Rg7 26. e4 e5 27. d5 Rg6 28. Kf2 Rf8 29. Rf5 Rg7 30. Rxf8+ Kxf8 31. Bh6 Kf7 32. Bxg7 Kxg7 33. Kf3 Kf7 34. Kg4 Kg6 35. a4 a6 36. h4 h6 37. Kh3 Kf6 38. Kg4 Kg6 39. g3 a5 40. Kh3 Kf6 41. g4 Kg6 42. h5+ Kg7 43. Kh4 Kf6 44. g5+ hxg5+ 45. Kg4 1-0